| 000 | 00744nam a2200217Ii 4500 | ||
|---|---|---|---|
| 003 | JO-AjNU | ||
| 008 | 230605s9999||||xx |||||||||||||| ||und|| | ||
| 017 | _a2002/9/2329 | ||
| 040 |
_aJO-AjNU _bara _erda _cJO-AjNU |
||
| 041 | _aara | ||
| 050 | 1 | 4 | _aLA11.M32 2009 |
| 100 | 3 |
_aالطيطي،محمد،تأليف/خصاونة،عون تأليف/عريفج،منير تأليف.... وآخرون, _eauthor _928045 |
|
| 245 | 0 | 0 | _aمدخل إلى التربية |
| 250 | _aط3 | ||
| 264 | 3 | 1 | _aعمان:دار المسيرة،2011 |
| 300 | _a296ص | ||
| 336 |
_atext _btxt _2rdacontent |
||
| 337 |
_aunmediated _bn _2rdamedia |
||
| 338 |
_avolume _bnc _2rdacarrier |
||
| 650 | 4 |
_aالتربية-فلسفة-التعليم-فلسفة _928046 |
|
| 999 |
_aA10829 _c14397 _d14397 |
||